Daniel Quintero (Record no. 676)

MARC details
000 - LÍDER
campo de control de longitud fija 00893nam a2200229Ia 4500
008 - ELEMENTOS DE DATOS DE LONGITUD FIJA - INFORMACIÓN GENERAL
campo de control de longitud fija 0000002004 sp a 0000000000spa00
020 ## - INTERNATIONAL STANDARD BOOK NUMBER
International Standard Book Number 8488511787
090 ## - NÚMERO DE LLAMADA DE TIPO LC LOCALMENTE ASIGNADO (OCLC)
Número de clasificación (OCLC) (R) PSP00 Q83d
100 1# - ENTRADA PRINCIPAL - NOMBRE PERSONAL
Nombre de la persona Quintero, Daniel
Fechas asociadas a un nombre 1949
245 10 - TÍTULO DECLARACIÓN
Título Daniel Quintero
Resto del título : tumbling landscape
Declaración de responsabilidad / photografías Jorge Fernández Oronoz
260 ## - PUBLICACIÓN, DISTRIBUCIÓN
Lugar de publicación Madrid : Marlborough
Fecha de publicación 2004
300 ## - DESCRIPCIÓN FÍSICA
Alcance 23 p
Dimensiones / 29 cm.
500 ## - NOTA GENERAL
Nota general Exposiciónorganizada en la Galería Marlborough, Nueva York, Septiembre 29 Octubre 23, 2004 \ Con el patronazgo del maestro venezolano Jesús Rafael Soto (q.e.p.d.)
600 00 - ENTRADA DE SUJETO AÑADIDO - NOMBRE PERSONAL
Nombre de la persona QUINTERO, DANIEL, 1949/
Subdivisión general TRABAJOS PICTORICOS
650 14 - ENTRADA DE SUJETO AÑADIDO - TÉRMINO TÓPICO
Término tópico o elemento de entrada del nombre geográfico PINTURA ESPAÑOLA
650 14 - ENTRADA DE SUJETO AÑADIDO - TÉRMINO TÓPICO
Término tópico o elemento de entrada del nombre geográfico ARTE CONTEMPORANEO ESPAÑOL
650 14 - ENTRADA DE SUJETO AÑADIDO - TÉRMINO TÓPICO
Subdivisión general CATALOGOS
650 14 - ENTRADA DE SUJETO AÑADIDO - TÉRMINO TÓPICO
Subdivisión general EXPOSICIONES
650 14 - ENTRADA DE SUJETO AÑADIDO - TÉRMINO TÓPICO
Término tópico o elemento de entrada del nombre geográfico PINTORES ESPAÑOLES
650 14 - ENTRADA DE SUJETO AÑADIDO - TÉRMINO TÓPICO
Término tópico o elemento de entrada del nombre geográfico PINTURA DE PAISAJES ESPAÑOLA
700 1# - ENTRADA AGREGADA - NOMBRE PERSONAL
Nombre de la persona Fernández Oronoz, Jorge
Holdings
Estado de retirada Pérdida de estatus Estado dañado No para préstamo Código de recogida Ubicación permanente Ubicación actual Ubicación de las estanterías Fecha de adquisición Número de llamada completo Código de barras Fecha de la última vez que se vio Número de copia Precio efectivo desde Tipo de artículo Koha
        General ArtNexus ArtNexus General 06/09/2022 P-SP-00 Q83D 676 06/09/2022 Ej.1 06/09/2022 Libro

Powered by Koha